Foro sobre las armas químicas
محفوظ في:
| مؤلف مشترك: | |
|---|---|
| التنسيق: | وقائع المؤتمر |
| الوسوم: |
إضافة وسم
لا توجد وسوم, كن أول من يضع وسما على هذه التسجيلة!
|
MARC
| LEADER | 00000 a a2200000 04500 | ||
|---|---|---|---|
| 001 | 48559 | ||
| 003 | |||
| 040 | |||
| 111 | |a Conferencia de Desarme |n ( |d 1988 octubre 27) | ||
| 245 | |a Foro sobre las armas químicas | ||
| 246 | |a Desarme: |b boletín | ||
| 773 | |g volumen6, número6, (1988), páginas 67 | ||
| 999 | |c 34543 |d 34543 | ||
